[Event "BAN-chT Walton (Women)"]
[Site "Dhaka"]
[Date "2023.03.27"]
[Round "6"]
[White "Jarin, Tasnim"]
[Black "Sharmin, Khan"]
[Result "1-0"]
[WhiteElo "1180"]
[BlackElo "1290"]
[PlyCount "69"]
[EventDate "2023.03.22"]
[EventType "team-tourn"]
[EventRounds "7"]
[EventCountry "BAN"]
[SourceTitle "CBM 213 Extra"]
[Source "ChessBase"]
[SourceDate "2023.05.31"]
[SourceVersion "1"]
[SourceVersionDate "2023.05.31"]
[SourceQuality "1"]
[WhiteTeam "Sheikh Russel (W)"]
[BlackTeam "Basir Memorial CC (W)"]
[WhiteTeamCountry "BAN"]
[BlackTeamCountry "BAN"]

1. e4 c5 2. Nf3 d6 3. Nc3 e5 4. h3 a6 5. d3 Nf6 6. Bg5 Be7 7. Be2 Nc6 8. 0-0 h6 9. Be3 0-0 10. a3 Nd4 11. Bxd4 cxd4 12. Na2 Qc7 13. c3 dxc3 14. Nxc3 Be6 15. Rc1 Qb6 16. b4 Rac8 17. d4 exd4 18. Nxd4 Bc4 19. Na4 Bxe2 20. Nxb6 Bxd1 21. Nxc8 Re8 22. Nxe7+ Rxe7 23. Rc8+ Kh7 24. Rxd1 Nxe4 25. Re1 f5 26. f3 Kg6 27. fxe4 fxe4 28. Rd8 Kg5 29. Rxd6 e3 30. Rd5+ Kf4 31. Nf5 Re4 32. g3+ Kf3 33. Rd3 b5 34. Rexe3+ Rxe3 35. Rxe3# 1-0

[Event "BAN-chT Walton (Women)"]
[Site "Dhaka"]
[Date "2023.03.25"]
[Round "4"]
[White "Essaba, Masnun"]
[Black "Sharmin, Khan"]
[Result "1-0"]
[WhiteElo "1325"]
[BlackElo "1290"]
[PlyCount "139"]
[EventDate "2023.03.22"]
[EventType "team-tourn"]
[EventRounds "7"]
[EventCountry "BAN"]
[SourceTitle "CBM 213 Extra"]
[Source "ChessBase"]
[SourceDate "2023.05.31"]
[SourceVersion "1"]
[SourceVersionDate "2023.05.31"]
[SourceQuality "1"]
[WhiteTeam "Uttara Cenrtal CC (W)"]
[BlackTeam "Basir Memorial CC (W)"]
[WhiteTeamCountry "BAN"]
[BlackTeamCountry "BAN"]

1. e4 c5 2. Nc3 Nc6 3. f4 e6 4. Nf3 d6 5. Bb5 Bd7 6. 0-0 Nge7 7. d3 a6 8. Ba4 Ng6 9. Qe1 Be7 10. e5 0-0 11. exd6 Bxd6 12. g3 Nd4 13. Nxd4 cxd4 14. Bxd7 Qxd7 15. Ne4 Rac8 16. Qe2 Rfe8 17. Nxd6 Qxd6 18. b3 Re7 19. Bb2 f5 20. Qf2 Rec7 21. Rac1 Ne7 22. Bxd4 Nc6 23. Bb2 Nb4 24. Be5 Qd5 25. Bxc7 Rxc7 26. a3 Na2 27. Rce1 Re7 28. Re5 Qd6 29. Rfe1 Nc3 30. Qc5 Qxc5+ 31. Rxc5 Nb5 32. a4 Nc7 33. d4 Kf7 34. d5 Nxd5 35. Kf2 Kf6 36. h4 h5 37. a5 Rc7 38. Rxc7 Nxc7 39. Ke3 Nd5+ 40. Kd4 Nb4 41. Kc3 Nd5+ 42. Kc4 Ke7 43. Kc5 Nf6 44. Kb6 Ne4 45. Re3 Nd6 46. Rc3 Kf6 47. Rc7 Ne8 48. Rxb7 e5 49. fxe5+ Kxe5 50. Re7+ Kf6 51. Rxe8 Kf7 52. Re2 Kf6 53. c4 g5 54. hxg5+ Kxg5 55. c5 Kg4 56. Re3 f4 57. gxf4 Kxf4 58. Rh3 Kg4 59. Rxh5 Kxh5 60. c6 Kg5 61. c7 Kf5 62. c8Q+ Ke5 63. Qxa6 Kd4 64. Qc4+ Ke5 65. a6 Kd6 66. a7 Ke5 67. a8Q Kf5 68. Qae4+ Kg5 69. Qf7 Kh6 70. Qfg6# 1-0

[Event "BAN-chB (Women) 41st"]
[Site "Dhaka"]
[Date "2022.11.10"]
[Round "4"]
[White "Fariha, Sumona"]
[Black "Sharmin, Khan"]
[Result "0-1"]
[WhiteElo "1513"]
[BlackElo "1288"]
[PlyCount "76"]
[EventDate "2022.11.07"]
[EventType "swiss"]
[EventRounds "8"]
[EventCountry "BAN"]
[SourceTitle "EXT 2024"]
[Source "ChessBase"]
[SourceDate "2023.10.10"]
[SourceVersion "1"]
[SourceVersionDate "2023.10.10"]
[SourceQuality "1"]

1. e4 e6 2. Nf3 c6 3. d4 d5 4. exd5 cxd5 5. Be3 Nf6 6. h3 Nc6 7. Nbd2 Qb6 8. b3 Bb4 9. Be2 Ne4 10. 0-0 Nc3 11. Qe1 Nxe2+ 12. Qxe2 0-0 13. c4 Be7 14. c5 Qc7 15. a3 Bf6 16. b4 b6 17. Rfe1 bxc5 18. bxc5 Re8 19. Qd3 e5 20. dxe5 Nxe5 21. Nxe5 Bxe5 22. Bf4 Bb7 23. Bxe5 Rxe5 24. Rxe5 Qxe5 25. Nf3 Qxa1+ 26. Kh2 Qf6 27. Qe3 h6 28. Nd4 Bc6 29. g4 Re8 30. Nxc6 Rxe3 31. fxe3 Qxc6 32. Kg3 Qc7+ 33. Kf3 Qxc5 34. Kf4 g5+ 35. Ke5 d4+ 36. Kf6 dxe3 37. h4 gxh4 38. a4 Qg5# 0-1

[Event "Dhaka rapid (Women) op"]
[Site "Dhaka"]
[Date "2021.03.08"]
[Round "1"]
[White "Sharmin, Khan"]
[Black "Khanam, Afroza"]
[Result "0-1"]
[WhiteElo "1326"]
[BlackElo "1886"]
[PlyCount "50"]
[EventDate "2021.03.08"]
[EventType "swiss (rapid)"]
[EventRounds "7"]
[EventCountry "BAN"]
[SourceTitle "CBM 201 Extra"]
[Source "ChessBase"]
[SourceDate "2021.05.31"]
[SourceVersion "1"]
[SourceVersionDate "2021.05.31"]
[SourceQuality "1"]

1. e4 e6 2. Nf3 c6 3. d4 d5 4. Bd3 Nf6 5. Nc3 Bb4 6. Bd2 Bxc3 7. Bxc3 dxe4 8. Bxe4 Nxe4 9. 0-0 Nxc3 10. bxc3 0-0 11. h3 Qf6 12. Re1 Nd7 13. Qd2 Nb6 14. Qd3 Rd8 15. a4 Nd5 16. a5 Nf4 17. Qe4 Ng6 18. Ne5 Nxe5 19. dxe5 Qe7 20. f4 Qc5+ 21. Kh2 Qxc3 22. f5 exf5 23. Qf4 Be6 24. Rab1 Qxa5 25. Rxb7 Qxe1 0-1